[Event "Teheran zt 3.1"]
[Site "Teheran"]
[Date "1997.??.??"]
[Round "8"]
[White "Lodhi, Mahmood"]
[Black "Hakki, Imad"]
[Result "0-1"]
[WhiteElo "2415"]
[BlackElo "2395"]
[EventDate "1997.??.??"]
[PlyCount "70"]

1.Nf3 Nf6 2.c4 g6 3.Nc3 Bg7 4.e4 d6 5.d4 O-O 6.Be2 e5 7.d5 a5 8.O-O Na6 9.
Bg5 h6 10.Bh4 Qe8 11.Nd2 Bd7 12.Rb1 Nh7 13.b3 h5 14.f3 Bh6 15.Bf2 Qe7 16.
Kh1 h4 17.Qe1 Bg5 18.a3 Kg7 19.b4 axb4 20.axb4 Rh8 21.Bd3 Nf6 22.Ne2 Nh5 
23.Rb2 Qf6 24.h3 Ng3+ 25.Bxg3 hxg3 26.Nxg3 Bf4 27.Kh2 Qg5 28.Rh1 Nxb4 29.
Bb1 Ra1 30.Nf1 Nd3 31.Qc3 Nxb2 32.Qxb2 Raa8 33.Qf2 b6 34.Kg1 Ra1 35.h4 
Bxg3 0-1

[Event "Teheran zt 3.1"]
[Site "Teheran"]
[Date "1997.??.??"]
[Round "8"]
[White "Mohd, A Altaher"]
[Black "Amjad, Ali M Al Bahadly"]
[Result "0-1"]
[WhiteElo "2235"]
[BlackElo "2295"]
[EventDate "1997.??.??"]
[PlyCount "50"]

1.e4 c5 2.Nf3 Nc6 3.d4 cxd4 4.Nxd4 Nf6 5.Nc3 e5 6.Ndb5 d6 7.Bg5 a6 8.Bxf6 
gxf6 9.Na3 f5 10.Bd3 b5 11.Nd5 Be6 12.c3 Bg7 13.Qh5 O-O 14.exf5 Bxd5 15.f6
e4 16.fxg7 Re8 17.Qxd5 exd3+ 18.Kf1 Ne5 19.h4 Qf6 20.Qd4 Re6 21.Rh3 Rae8 
22.Rd1 Qf5 23.Rg3 Qh5 24.Re1 Nc6 25.Rxe6 Qd1+ 0-1

[Event "Teheran zt 3.1"]
[Site "Teheran"]
[Date "1997.??.??"]
[Round "8"]
[White "Murugan, Krishnamoorthy"]
[Black "Murshed, Niaz"]
[Result "1/2-1/2"]
[WhiteElo "2395"]
[BlackElo "2505"]
[EventDate "1997.??.??"]
[PlyCount "27"]

1.d4 d5 2.c4 dxc4 3.Nf3 Nf6 4.e3 e6 5.Bxc4 a6 6.O-O c5 7.dxc5 Bxc5 8.Qxd8+
Kxd8 9.Rd1+ Ke7 10.a3 b5 11.Be2 Bb7 12.b4 Bd6 13.Bb2 Nbd7 14.Nbd2 1/2-1/2

[Event "Teheran zt 3.1"]
[Site "Teheran"]
[Date "1997.??.??"]
[Round "8"]
[White "Najjar, Ahmad"]
[Black "Al Modiahki, Mohamad"]
[Result "1-0"]
[WhiteElo "2235"]
[BlackElo "2410"]
[EventDate "1997.??.??"]
[PlyCount "113"]

1.d4 Nf6 2.Nf3 d6 3.Nc3 g6 4.e4 Bg7 5.Bc4 O-O 6.O-O c6 7.Bg5 Qc7 8.a4 e5 
9.dxe5 dxe5 10.Qe2 Nbd7 11.Rfd1 Nc5 12.Rd2 Ne6 13.Bxe6 Bxe6 14.Rad1 h6 15.
Be3 Nd7 16.Rd6 Rfe8 17.Qd2 Nb6 18.b3 Kh7 19.a5 Nc8 20.Rd8 Ne7 21.Rxe8 Rxe8
22.Na4 Nc8 23.Nc5 Bg4 24.h3 Bxf3 25.gxf3 b6 26.Na6 Qe7 27.Qd7 bxa5 28.Qxc6
Nb6 29.Qc7 Qf6 30.Kg2 Re7 31.Qd8 Re6 32.Nc5 Rc6 33.Qxf6 Bxf6 34.c4 Kg7 35.
Ra1 Bd8 36.Nb7 Bc7 37.Nxa5 Re6 38.Nb7 Bb8 39.c5 Nc8 40.b4 Kf8 41.Bxh6+ Ke8
42.Rd1 Bc7 43.b5 g5 44.Bg7 Ke7 45.Rd5 f6 46.Bh6 Ke8 47.h4 Ne7 48.c6 Nxd5 
49.exd5 Re7 50.d6 Rh7 51.dxc7 Rxc7 52.hxg5 fxg5 53.Bxg5 Rg7 54.Nd6+ Kf8 
55.Ne4 Ke8 56.Kf1 Rg6 57.Bf6 1-0

[Event "Teheran zt 3.1"]
[Site "Teheran"]
[Date "1997.??.??"]
[Round "9"]
[White "Al Hadarani, Hatim"]
[Black "Lodhi, Mahmood"]
[Result "1-0"]
[WhiteElo "2365"]
[BlackElo "2415"]
[EventDate "1997.??.??"]
[PlyCount "77"]

1.e4 e5 2.Nf3 Nc6 3.Nc3 Nf6 4.g3 Bc5 5.Bg2 d6 6.O-O a6 7.d3 Bg4 8.h3 Be6 
9.Kh2 h6 10.a3 g5 11.b4 Ba7 12.b5 Nd4 13.bxa6 bxa6 14.Ng1 h5 15.Kh1 Ng8 
16.f4 exf4 17.gxf4 g4 18.f5 Bd7 19.Nd5 c6 20.Ne3 Nf6 21.Nc4 d5 22.Nd6+ Kf8
23.c3 Nb5 24.Nxb5 axb5 25.e5 gxh3 26.Nxh3 Ng4 27.d4 c5 28.Bg5 f6 29.exf6 
cxd4 30.cxd4 Qc7 31.Bf4 Qb6 32.Qe1 Qxf6 33.Be5 Nxe5 34.dxe5 Qb6 35.e6 Be8 
36.f6 Qd6 37.Nf4 Rc8 38.Bxd5 Bf7 39.exf7 1-0

[Event "Teheran zt 3.1"]
[Site "Teheran"]
[Date "1997.??.??"]
[Round "9"]
[White "Amjad, Ali M Al Bahadly"]
[Black "Ghorbani, Mohsen"]
[Result "0-1"]
[WhiteElo "2295"]
[BlackElo "2205"]
[EventDate "1997.??.??"]
[PlyCount "120"]

1.e4 c5 2.Nf3 Nc6 3.d4 cxd4 4.Nxd4 e5 5.Nb5 d6 6.N1c3 a6 7.Na3 b5 8.Nd5 
Nge7 9.c4 Nd4 10.Be3 Nxd5 11.cxd5 Be7 12.Bd3 O-O 13.Nc2 Nxc2+ 14.Qxc2 Bd7 
15.O-O Bg5 16.Qd2 Bxe3 17.Qxe3 Qa5 18.Rfc1 Rfc8 19.Rxc8+ Rxc8 20.Rc1 Rxc1+
21.Qxc1 h6 22.a3 Qb6 23.Qc3 a5 24.b4 axb4 25.axb4 Kf8 26.Kf1 Ke7 27.Ke1 
Qa7 28.h3 Kd8 29.Ke2 f5 30.Kf1 Qa2 31.f3 f4 32.Be2 g5 33.Kf2 h5 34.Kf1 Ke7
35.Kf2 Qb1 36.Bd3 Qd1 37.Be2 Qa4 38.Kf1 Qa7 39.Bd1 Qa2 40.Be2 Kd8 41.Ke1 
g4 42.hxg4 hxg4 43.Kf2 Qa7+ 44.Kf1 Qa2 45.Ke1 Qb1+ 46.Bd1 Ke7 47.Qa3 Kf6 
48.Qa5 Kf7 49.Qa3 Kg6 50.Qc3 Kg5 51.Ke2 Qa2+ 52.Bc2 Qa7 53.Kf1 gxf3 54.
gxf3 Bh3+ 55.Ke2 Qg1 56.Bd1 Bf1+ 57.Kd2 Qf2+ 58.Kc1 Qe3+ 59.Kc2 Qxc3+ 60.
Kxc3 Kh4 0-1

[Event "Teheran zt 3.1"]
[Site "Teheran"]
[Date "1997.??.??"]
[Round "9"]
[White "Konguvel, Ponnuswamy"]
[Black "Najjar, Ahmad"]
[Result "1-0"]
[WhiteElo "2425"]
[BlackElo "2235"]
[EventDate "1997.??.??"]
[PlyCount "89"]

1.e4 e5 2.Nf3 Nc6 3.Bb5 a6 4.Ba4 Nf6 5.O-O Nxe4 6.d4 b5 7.Bb3 d5 8.dxe5 
Be6 9.Nbd2 Bc5 10.Nxe4 dxe4 11.Ng5 Qxd1 12.Rxd1 Bxb3 13.axb3 Bb6 14.Nxe4 
Nxe5 15.Nc3 Ng4 16.h3 Nxf2 17.Re1+ Ne4+ 18.Be3 Nxc3 19.Bxb6+ Kd7 20.Bd4 
Nd5 21.Bxg7 Rhg8 22.Be5 Rg6 23.c4 bxc4 24.bxc4 Nb6 25.b3 a5 26.Red1+ Kc6 
27.Rf1 Re6 28.Bd4 Rd8 29.Bc3 a4 30.bxa4 Rd3 31.Ba5 f6 32.Rf4 Kc5 33.Raf1 
Nxa4 34.Bxc7 Rc6 35.Ba5 Nb2 36.Rf5+ Kd4 37.Bd8 Kxc4 38.Rc1+ Rc3 39.Rxc3+ 
Kxc3 40.Bxf6+ Kb3 41.Rf3+ Ka2 42.Rf2 Rb6 43.Rxb2+ Rxb2 44.Bxb2 Kxb2 45.Kf2
1-0

[Event "Teheran zt 3.1"]
[Site "Teheran"]
[Date "1997.??.??"]
[Round "9"]
[White "Momeni, Hadi"]
[Black "Abdulghafour, Yousef"]
[Result "1-0"]
[WhiteElo "2295"]
[BlackElo "2180"]
[EventDate "1997.??.??"]
[PlyCount "89"]

1.e4 c5 2.Nf3 Nf6 3.e5 Nd5 4.Nc3 e6 5.Nxd5 exd5 6.d4 Nc6 7.dxc5 Bxc5 8.
Qxd5 Qb6 9.Bc4 Bxf2+ 10.Ke2 O-O 11.Rf1 Bc5 12.Ng5 Nd4+ 13.Kd1 Ne6 14.Ne4 
d6 15.exd6 Rd8 16.Bd3 Bxd6 17.Qh5 f5 18.Nxd6 Qxd6 19.Qxf5 Qxh2 20.Qf7+ Kh8
21.Bg5 Rg8 22.Be3 Rd8 23.Kd2 Bd7 24.Rae1 Qxg2+ 25.Kc1 Ba4 26.Rg1 Qd5 27.
Kb1 Rd7 28.Qf2 Nf8 29.Ref1 Kg8 30.Qh4 Bb5 31.Rxf8+ Kxf8 32.Qb4+ Kg8 33.
Bxb5 Rc7 34.Ba4 Qf5 35.Bb3+ Kh8 36.a3 a5 37.Qb6 Re7 38.a4 Rae8 39.Bd4 Qd7 
40.Ka2 Rd8 41.Bc3 Qd6 42.Qxa5 b6 43.Qg5 Qd7 44.Rh1 Qd6 45.Qh5 1-0

[Event "Teheran zt 3.1"]
[Site "Teheran"]
[Date "1997.??.??"]
[Round "9"]
[White "Murshed, Niaz"]
[Black "Bagheri, Amir"]
[Result "1/2-1/2"]
[WhiteElo "2505"]
[BlackElo "2215"]
[EventDate "1997.??.??"]
[PlyCount "40"]

1.d4 Nf6 2.Nf3 e6 3.c4 b6 4.e3 Bb7 5.Bd3 d5 6.O-O Be7 7.cxd5 exd5 8.b4 O-O
9.a3 Nbd7 10.Bb2 Ne4 11.Ne5 Nxe5 12.dxe5 c5 13.bxc5 bxc5 14.Nd2 Qa5 15.
Nxe4 dxe4 16.Bc4 Rad8 17.Qb3 Qb6 18.Qc2 Qg6 19.f4 exf3 20.Qxg6 hxg6 
1/2-1/2

[Event "Teheran zt 3.1"]
[Site "Teheran"]
[Date "1997.??.??"]
[Round "9"]
[White "Murugan, Krishnamoorthy"]
[Black "Kunte, Abhijit"]
[Result "1/2-1/2"]
[WhiteElo "2395"]
[BlackElo "2315"]
[EventDate "1997.??.??"]
[PlyCount "24"]

1.d4 Nf6 2.c4 e6 3.g3 Bb4+ 4.Bd2 Be7 5.Bg2 d5 6.Nf3 O-O 7.O-O c6 8.Qc2 b6 
9.Bg5 Bb7 10.Nbd2 Nbd7 11.Rad1 Rc8 12.e4 c5 1/2-1/2

[Event "Teheran zt 3.1"]
[Site "Teheran"]
[Date "1997.??.??"]
[Round "9"]
[White "Omearat, Adel"]
[Black "Eid, Fadi"]
[Result "0-1"]
[WhiteElo "2260"]
[BlackElo "2250"]
[EventDate "1997.??.??"]
[PlyCount "82"]

1.d4 Nc6 2.Nf3 d5 3.c4 Bg4 4.Qa4 Bxf3 5.exf3 e6 6.Nc3 Ne7 7.Be3 Qd7 8.a3 
g6 9.cxd5 exd5 10.b4 Bg7 11.b5 Nd8 12.Bd3 O-O 13.Rc1 c5 14.bxc6 Nexc6 15.
Ne2 a6 16.O-O Ne6 17.Rfd1 b5 18.Qb3 Na5 19.Qa2 Rfc8 20.Qb2 Nc4 21.Bxc4 
bxc4 22.Rb1 Bf8 23.Nc3 Qd6 24.Qb7 Rd8 25.Rb6 Rab8 26.Rxd6 Rxb7 27.Rxd8 
Nxd8 28.a4 Rb3 29.Nxd5 c3 30.Kf1 Ba3 31.Rd3 Bb2 32.Ke2 Nc6 33.Kd1 Ra3 34.
Bg5 a5 35.Re3 Ra1+ 36.Kc2 Nxd4+ 37.Kd3 Ne6 38.Bh6 Rd1+ 39.Ke4 c2 40.Ne7+ 
Kh8 41.Re2 Rd4+ 0-1

[Event "Teheran zt 3.1"]
[Site "Teheran"]
[Date "1997.??.??"]
[Round "9"]
[White "Prasad, Devaki V"]
[Black "Al Modiahki, Mohamad"]
[Result "1-0"]
[WhiteElo "2450"]
[BlackElo "2410"]
[EventDate "1997.??.??"]
[PlyCount "85"]

1.e4 c5 2.Nf3 e6 3.d4 cxd4 4.Nxd4 Nc6 5.Nb5 d6 6.Bf4 e5 7.Be3 a6 8.N5c3 
Nf6 9.Bg5 Be7 10.Nd2 O-O 11.Nc4 b5 12.Bxf6 Bxf6 13.Qxd6 bxc4 14.Qxc6 Be6 
15.Be2 Rb8 16.Rb1 Qa5 17.O-O Rfc8 18.Qa4 Qc5 19.Rfd1 a5 20.Nd5 Bg5 21.c3 
f5 22.b4 cxb3 23.Rxb3 Rxb3 24.axb3 Bxd5 25.exd5 Qxc3 26.d6 Kh8 27.h4 Bf6 
28.d7 Rd8 29.h5 e4 30.Qc4 Qe5 31.Qf7 e3 32.f4 Qe4 33.h6 Qb4 34.hxg7+ Bxg7 
35.Qe8+ Qf8 36.Qxe3 h6 37.Bc4 Bf6 38.Qe6 Be7 39.Qd5 Qg7 40.Qxf5 Rf8 41.Qe4
Bd8 42.Rd6 Bf6 43.Bd3 1-0

[Event "Teheran zt 3.1"]
[Site "Teheran"]
[Date "1997.??.??"]
[Round "10"]
[White "Al Modiahki, Mohamad"]
[Black "Mohd, A Altaher"]
[Result "1-0"]
[WhiteElo "2410"]
[BlackElo "2235"]
[EventDate "1997.??.??"]
[PlyCount "117"]

1.e4 c5 2.Nf3 e6 3.d4 cxd4 4.Nxd4 Nf6 5.Nc3 d6 6.g3 a6 7.Bg2 Qc7 8.O-O Be7
9.a4 Nc6 10.Nb3 Na5 11.Nxa5 Qxa5 12.Bd2 Qc7 13.a5 Bd7 14.Be3 Bc6 15.Re1 
O-O 16.Bb6 Qc8 17.Nd5 Nxd5 18.exd5 Bd7 19.c3 e5 20.c4 Qxc4 21.Rc1 Qg4 22.
Rc7 Qxd1 23.Rxd1 Ba4 24.Ra1 Bd8 25.Rxa4 Bxc7 26.Bxc7 Rac8 27.Bxd6 Rc1+ 28.
Bf1 Rd8 29.Bxe5 Rxd5 30.Rd4 Rxd4 31.Bxd4 Rd1 32.Bc5 g5 33.Kg2 g4 34.Be2 
Rd5 35.b4 h5 36.Bc4 Rd7 37.h3 Kg7 38.hxg4 hxg4 39.Kf1 Kf6 40.Ke2 Ke5 41.
Ke3 f5 42.Be2 Rh7 43.Bf1 Rd7 44.Bg2 Rh7 45.Bd4+ Ke6 46.Kf4 Rd7 47.Ke3 Rf7 
48.Kd3 Rc7 49.Bb6 Rd7+ 50.Kc4 Ke5 51.b5 axb5+ 52.Kxb5 Kd6 53.Bxb7 Rxb7 54.
a6 Rb8 55.a7 Re8 56.Ka6 Kc6 57.Be3 f4 58.Bxf4 Kc5 59.Kb7 1-0

[Event "Teheran zt 3.1"]
[Site "Teheran"]
[Date "1997.??.??"]
[Round "10"]
[White "Bagheri, Amir"]
[Black "Kunte, Abhijit"]
[Result "1-0"]
[WhiteElo "2215"]
[BlackElo "2315"]
[EventDate "1997.??.??"]
[PlyCount "119"]

1.d4 Nf6 2.Nf3 g6 3.Bg5 Bg7 4.Nbd2 O-O 5.c3 d6 6.e4 h6 7.Bxf6 Bxf6 8.Bc4 
Bg7 9.Qe2 a6 10.a4 b6 11.e5 e6 12.h4 Bb7 13.Rd1 Nd7 14.Rh3 Re8 15.Kf1 Nf8 
16.Bd3 f5 17.exf6 Qxf6 18.Rg3 Qf7 19.Qe3 Kh8 20.Ne4 e5 21.dxe5 dxe5 22.
Nfd2 Rad8 23.a5 bxa5 24.Ra1 Ne6 25.Rxa5 Nf4 26.Nc5 Bc6 27.Kg1 e4 28.Bc4 
Bd5 29.Bf1 Rd6 30.Rxa6 Rxa6 31.Nxa6 h5 32.Nb4 Bb7 33.Bb5 Rd8 34.Nxe4 Qf5 
35.Bc6 Bxc6 36.Nxc6 Rd3 37.Qe1 Rxg3 38.Nxg3 Qg4 39.Qe7 Qd1+ 40.Kh2 Qd5 41.
Qe4 Qd6 42.Qe8+ Kh7 43.Ne7 Qe6 44.Qa4 Nd3 45.Qe4 Qxe4 46.Nxe4 Nxb2 47.Ng5+
Kh8 48.Nf7+ Kh7 49.Ng5+ Kh8 50.Nxg6+ Kg8 51.Ne7+ Kf8 52.Ne6+ Kxe7 53.Nxg7 
Nd1 54.Nxh5 Nxf2 55.Nf4 Ne4 56.Ne2 Ke6 57.Kh3 c5 58.Kg4 Ke5 59.Kh5 c4 60.
Kg6 1-0

[Event "Teheran zt 3.1"]
[Site "Teheran"]
[Date "1997.??.??"]
[Round "10"]
[White "Ghorbani, Mohsen"]
[Black "Al Hadarani, Hatim"]
[Result "1-0"]
[WhiteElo "2205"]
[BlackElo "2365"]
[EventDate "1997.??.??"]
[PlyCount "80"]

1.d4 Nf6 2.c4 c6 3.Nf3 b5 4.e3 Ba6 5.b3 e6 6.Bd3 d5 7.Qc2 Nbd7 8.cxd5 cxd5
9.O-O Qb6 10.Qe2 Bd6 11.a4 Rb8 12.Nc3 b4 13.Nxd5 exd5 14.Bxa6 O-O 15.Bb2 
Ne4 16.Rfc1 f5 17.Qb5 Ndf6 18.Qxb6 Rxb6 19.Bc8 g6 20.Ne5 Nd2 21.a5 Rb8 22.
Be6+ Kg7 23.Rc6 Rbd8 24.Ra6 Bb8 25.Nc6 Rde8 26.Nxb8 Rxb8 27.Rd1 Nde4 28.
Rxa7+ Kh6 29.Rc1 Ra8 30.Rcc7 Rxa7 31.Rxa7 Re8 32.Ra6 Ng5 33.Bxf5 Nfe4 34.
f3 Nd2 35.h4 Rxe3 36.Kf2 Rxb3 37.Bc1 Nf7 38.Bxd2+ Kg7 39.Be6 Nd8 40.Bxd5 
Rd3 1-0

[Event "Teheran zt 3.1"]
[Site "Teheran"]
[Date "1997.??.??"]
[Round "10"]
[White "Jalal, Adil Ali"]
[Black "Amjad, Ali M Al Bahadly"]
[Result "1-0"]
[WhiteElo "2265"]
[BlackElo "2295"]
[EventDate "1997.??.??"]
[PlyCount "71"]

1.e4 c5 2.Nf3 Nc6 3.d4 cxd4 4.Nxd4 Nf6 5.Nc3 e5 6.Ndb5 d6 7.a4 Be6 8.Nd5 
Rc8 9.Bg5 a6 10.Nbc3 Be7 11.Nxe7 Nxe7 12.Bd3 d5 13.Bxf6 gxf6 14.O-O dxe4 
15.Bxe4 Qb6 16.a5 Qb4 17.Re1 f5 18.Bd3 e4 19.Nxe4 fxe4 20.Rxe4 Qc5 21.Qe2 
Rg8 22.b4 Qg5 23.f4 Qf6 24.Re1 Rc7 25.g3 Kf8 26.f5 Nxf5 27.Qf2 Qg5 28.Re5 
Rg6 29.Bxf5 Bxf5 30.Rxf5 Qd8 31.Rf1 Qe7 32.Qd4 Rg7 33.Re5 Qd7 34.Rd5 Qe6 
35.Rd6 Rc4 36.Qd3 1-0

[Event "Teheran zt 3.1"]
[Site "Teheran"]
[Date "1997.??.??"]
[Round "10"]
[White "Konguvel, Ponnuswamy"]
[Black "Hakki, Imad"]
[Result "0-1"]
[WhiteElo "2425"]
[BlackElo "2395"]
[EventDate "1997.??.??"]
[PlyCount "56"]

1.e4 c5 2.Nf3 d6 3.d4 cxd4 4.Nxd4 Nf6 5.Nc3 g6 6.Be3 Bg7 7.f3 O-O 8.Qd2 
Nc6 9.Bc4 Bd7 10.O-O-O Ne5 11.Bb3 Rc8 12.h4 h5 13.Bg5 Rc5 14.Kb1 a5 15.
Rhe1 b5 16.f4 Neg4 17.a3 b4 18.axb4 axb4 19.Nd5 Nxd5 20.Bxd5 Rxd5 21.exd5 
Qa5 22.c4 Ra8 23.Kc2 Qc5 24.Rc1 Bxd4 25.f5 Qxc4+ 26.Kd1 Ba4+ 27.Rc2 Nf2+ 
28.Kc1 Nd3+ 0-1

[Event "Teheran zt 3.1"]
[Site "Teheran"]
[Date "1997.??.??"]
[Round "10"]
[White "Najjar, Ahmad"]
[Black "Lodhi, Mahmood"]
[Result "1/2-1/2"]
[WhiteElo "2235"]
[BlackElo "2415"]
[EventDate "1997.??.??"]
[PlyCount "94"]

1.d4 Nf6 2.c3 d5 3.Bf4 e6 4.e3 c5 5.Nf3 Nc6 6.Nbd2 Be7 7.Bd3 Nh5 8.Bg3 g6 
9.Qe2 f5 10.Be5 O-O 11.h3 Nxe5 12.Nxe5 Nf6 13.g4 c4 14.Bc2 Bd6 15.f4 b5 
16.a3 a5 17.Ndf3 Bd7 18.gxf5 exf5 19.h4 Qe8 20.Qg2 Kh8 21.Ke2 Be6 22.Rag1 
Nh5 23.Qg5 Rg8 24.Nd2 Be7 25.Qh6 Bf8 26.Qg5 b4 27.Ra1 Be7 28.Qg2 bxc3 29.
bxc3 Rb8 30.Ra2 a4 31.Kf3 Nf6 32.Qe2 Ne4 33.Nxe4 fxe4+ 34.Kg3 Rb6 35.Bd1 
Qf8 36.Qh2 Rb3 37.Bxb3 cxb3 38.Raa1 Bxa3 39.Qe2 Be7 40.Rxa4 g5 41.hxg5 
Bxg5 42.Kf2 b2 43.Ra7 h6 44.Qh5 Bxf4 45.Nf7+ Bxf7 46.Qxf7 Bxe3+ 47.Kxe3 
Rg3+ 1/2-1/2

[Event "Teheran zt 3.1"]
[Site "Teheran"]
[Date "1997.??.??"]
[Round "10"]
[White "Prasad, Devaki V"]
[Black "Murugan, Krishnamoorthy"]
[Result "1/2-1/2"]
[WhiteElo "2450"]
[BlackElo "2395"]
[EventDate "1997.??.??"]
[PlyCount "53"]

1.e4 c5 2.Nf3 Nc6 3.d4 cxd4 4.Nxd4 Nf6 5.Nc3 d6 6.Bg5 e6 7.Qd2 a6 8.O-O-O 
h6 9.Be3 Bd7 10.f4 Be7 11.h3 b5 12.Bd3 Nxd4 13.Bxd4 b4 14.Ne2 e5 15.Be3 
Qa5 16.Kb1 Be6 17.b3 O-O 18.Rhf1 Rfd8 19.f5 Bd7 20.Bxh6 Bb5 21.Qg5 Bf8 22.
Rf3 Nh7 23.Qh5 f6 24.Rg3 d5 25.exd5 Rxd5 26.Nc1 Rad8 27.Re1 1/2-1/2

[Event "Teheran zt 3.1"]
[Site "Teheran"]
[Date "1997.??.??"]
[Round "10"]
[White "Ravi, Lanka"]
[Black "Murshed, Niaz"]
[Result "1-0"]
[WhiteElo "2390"]
[BlackElo "2505"]
[EventDate "1997.??.??"]
[PlyCount "113"]

1.d4 d5 2.c4 c6 3.Nf3 Nf6 4.Nc3 e6 5.e3 Nbd7 6.Qc2 Bd6 7.Bd3 dxc4 8.Bxc4 
b5 9.Bd3 Bb7 10.a4 b4 11.Ne4 Nxe4 12.Bxe4 Rc8 13.Nd2 Ba6 14.Nc4 Nb6 15.Bd3
Bxc4 16.Bxc4 O-O 17.Ba6 Rc7 18.a5 Nd7 19.O-O c5 20.Qe4 Qe7 21.Bd3 f5 22.
Qf3 cxd4 23.exd4 Qh4 24.h3 Qxd4 25.Rd1 Qe5 26.g3 Qf6 27.Bf1 Be5 28.Qb3 Rb8
29.Bg5 Qg6 30.Rac1 Nf8 31.Rxc7 Bxc7 32.Be3 Bxg3 33.Bxa7 Bc7+ 34.Kh1 Rb7 
35.Bc5 Bxa5 36.Qa4 Bb6 37.Bxf8 Bxf2 38.Bg2 Rf7 39.Bxb4 h5 40.Qe8+ Kh7 41.
Rd8 Qg5 42.Bd2 Qe7 43.Bc3 Be3 44.Qxe7 Rxe7 45.Be5 Ra7 46.b4 Ra4 47.Rd3 Bb6
48.b5 Rb4 49.Bc6 f4 50.Rd7 Kg6 51.Rb7 Bc5 52.Bc3 Rb3 53.Be4+ Kh6 54.Rxg7 
h4 55.Rh7+ Kg5 56.Rg7+ Kh6 57.Bf6 1-0

[Event "Teheran zt 3.1"]
[Site "Teheran"]
[Date "1997.??.??"]
[Round "11"]
[White "Amjad, Ali M Al Bahadly"]
[Black "Abdulghafour, Yousef"]
[Result "1-0"]
[WhiteElo "2295"]
[BlackElo "2180"]
[EventDate "1997.??.??"]
[PlyCount "57"]

1.e4 d6 2.d4 g6 3.Bc4 Bg7 4.Be3 e6 5.Bb3 d5 6.e5 Ne7 7.Qd2 O-O 8.h4 c5 9.
c3 cxd4 10.cxd4 Nbc6 11.Ne2 Nf5 12.Nbc3 Nxe3 13.Qxe3 Na5 14.h5 Nxb3 15.
axb3 Bd7 16.f4 f5 17.g4 gxh5 18.g5 Be8 19.Ng3 Qb6 20.Ra3 Qc6 21.Nxh5 b5 
22.Ra1 a5 23.Nf6+ Bxf6 24.gxf6 Bg6 25.Kf2 a4 26.Rag1 Kf7 27.Qe2 Rfb8 28.
Rxh7+ Bxh7 29.Qh5+ 1-0

[Event "Teheran zt 3.1"]
[Site "Teheran"]
[Date "1997.??.??"]
[Round "11"]
[White "Kunte, Abhijit"]
[Black "Al Hadarani, Hatim"]
[Result "1-0"]
[WhiteElo "2315"]
[BlackElo "2365"]
[EventDate "1997.??.??"]
[PlyCount "57"]

1.Nf3 d6 2.d4 Bg4 3.e4 Nd7 4.Be2 c5 5.d5 Ngf6 6.Nc3 h6 7.O-O a6 8.a4 Qc7 
9.Nd2 Bxe2 10.Qxe2 g5 11.Nc4 Bg7 12.f4 gxf4 13.Bxf4 Ne5 14.Bxe5 dxe5 15.d6
exd6 16.Rad1 d5 17.exd5 O-O-O 18.d6 Qc6 19.Nxe5 Qb6 20.Nc4 Qc6 21.Ne5 Qb6 
22.d7+ Nxd7 23.Nxd7 Qxb2 24.Nb6+ Kb8 25.Ncd5 Bd4+ 26.Kh1 Rhe8 27.Qd3 Rd6 
28.Nc4 Qa2 29.Nxd6 1-0

[Event "Teheran zt 3.1"]
[Site "Teheran"]
[Date "1997.??.??"]
[Round "11"]
[White "Lodhi, Mahmood"]
[Black "Prasad, Devaki V"]
[Result "1-0"]
[WhiteElo "2415"]
[BlackElo "2450"]
[EventDate "1997.??.??"]
[PlyCount "93"]

1.d4 d5 2.Nf3 Nf6 3.c4 dxc4 4.e3 e6 5.Bxc4 c5 6.O-O a6 7.a4 Nc6 8.Qe2 Qc7 
9.Nc3 Bd6 10.Rd1 O-O 11.h3 h6 12.dxc5 Bxc5 13.e4 e5 14.Be3 Nb4 15.Bxc5 
Qxc5 16.Rac1 Qa5 17.b3 Be6 18.Bxe6 fxe6 19.Qc4 Rfe8 20.Ne2 Rac8 21.Qxc8 
Rxc8 22.Rxc8+ Kh7 23.Rc4 b5 24.axb5 axb5 25.Rc5 Qa2 26.Nc1 Qb1 27.Rf1 Nxe4
28.Rxe5 Nd5 29.Rxe6 Nf4 30.Re5 b4 31.Re1 Nc3 32.h4 Qg6 33.g3 Qc6 34.R5e3 
Ncd5 35.Re4 Qc3 36.Ne5 Nh5 37.Kg2 Nhf6 38.R4e2 Qd4 39.Nf3 Qc3 40.Rd2 Qc6 
41.Ne2 Qe6 42.Ned4 Qg4 43.Ne6 Kg8 44.Rd4 Qg6 45.Nf4 Nxf4+ 46.Rxf4 Nh5 47.
Rxb4 1-0

[Event "Teheran zt 3.1"]
[Site "Teheran"]
[Date "1997.??.??"]
[Round "11"]
[White "Mohd, A Altaher"]
[Black "Jalal, Adil Ali"]
[Result "1/2-1/2"]
[WhiteElo "2235"]
[BlackElo "2265"]
[EventDate "1997.??.??"]
[PlyCount "127"]

1.e4 d5 2.exd5 Nf6 3.d4 Nxd5 4.Nf3 g6 5.Bc4 Bg7 6.O-O O-O 7.Re1 Nc6 8.c3 
h6 9.Nbd2 g5 10.Qe2 Bf5 11.Nf1 Re8 12.Ne5 Nxe5 13.dxe5 c6 14.Ng3 Bg6 15.
Nh5 Bh8 16.h4 gxh4 17.Bxh6 Qd7 18.e6 Qxe6 19.Qxe6 fxe6 20.Nf4 Nxf4 21.Bxf4
Bf5 22.Bxe6+ Bxe6 23.Rxe6 Kf7 24.Rae1 Bf6 25.R6e4 Rg8 26.a4 Rg6 27.f3 Rd8 
28.Be5 Bxe5 29.Rxe5 e6 30.Kh2 Rh8 31.R5e4 Rh7 32.Rf4+ Ke7 33.Rd4 Rg5 34.
Red1 Kf6 35.Rd7 Rgh5 36.Rxh7 Rxh7 37.Rd4 e5 38.Re4 a5 39.Kh3 Rd7 40.Rxh4 
Rd2 41.b4 axb4 42.cxb4 Rb2 43.a5 Kg5 44.Re4 Kf5 45.g4+ Kf6 46.Kg3 Rb1 47.
Rc4 Rb2 48.a6 bxa6 49.Rxc6+ Kf7 50.Rxa6 Rxb4 51.g5 Rf4 52.g6+ Kg7 53.Re6 
Rf5 54.Kf2 Rg5 55.Ke3 Rf5 56.Ke2 Rh5 57.Kd3 Rf5 58.Ke3 Kh6 59.Ke4 Rf4+ 60.
Kxe5 Rxf3 61.Rf6 Rg3 62.Kf5 Rg5+ 63.Ke6 Rxg6 64.Kf7 1/2-1/2

[Event "Teheran zt 3.1"]
[Site "Teheran"]
[Date "1997.??.??"]
[Round "11"]
[White "Ravi, Lanka"]
[Black "Konguvel, Ponnuswamy"]
[Result "0-1"]
[WhiteElo "2390"]
[BlackElo "2425"]
[EventDate "1997.??.??"]
[PlyCount "90"]

1.d4 Nf6 2.Nf3 g6 3.c3 Bg7 4.Bg5 b6 5.Nbd2 Bb7 6.Qb1 c5 7.e4 cxd4 8.cxd4 
O-O 9.Bd3 Nc6 10.a3 d6 11.d5 Ne5 12.Nxe5 dxe5 13.O-O Ne8 14.a4 Nd6 15.Qa2 
Qd7 16.h3 Rfc8 17.Rfd1 Rc7 18.Qb3 Bc8 19.Rac1 Rxc1 20.Rxc1 e6 21.Bc4 Nxc4 
22.Qxc4 exd5 23.Qxd5 Qxd5 24.exd5 f6 25.Be3 Bd7 26.a5 bxa5 27.Rc7 Rd8 28.
d6 Bf5 29.Bc5 Bf8 30.Rxa7 Bxd6 31.Bxd6 Rxd6 32.Nc4 Rd1+ 33.Kh2 Rb1 34.Rxa5
Bd3 35.Nd6 Rxb2 36.Ra8+ Kg7 37.Ra7+ Kh6 38.Kg3 g5 39.h4 gxh4+ 40.Kxh4 Rxf2
41.g4 Kg6 42.Nf7 Bc4 43.Nd6 Bf1 44.Rb7 Bg2 45.Rc7 Rf3 0-1

[Event "Teheran zt qual"]
[Site "Teheran"]
[Date "1997.??.??"]
[Round "?"]
[White "Fekri, Farzad"]
[Black "Khakpoor, Abbas"]
[Result "0-1"]
[WhiteElo "2145"]
[BlackElo "2215"]
[EventDate "1997.??.??"]
[PlyCount "106"]

1.Nf3 e6 2.c4 Nf6 3.g3 b6 4.Bg2 Bb7 5.O-O c5 6.Nc3 Be7 7.d4 cxd4 8.Nxd4 
Bxg2 9.Kxg2 Qc8 10.Qd3 Nc6 11.b3 O-O 12.e4 Nxd4 13.Qxd4 Qb7 14.f3 d6 15.
Ba3 Rfd8 16.Rad1 a6 17.Rf2 Ne8 18.Qe3 h6 19.Rfd2 b5 20.cxb5 axb5 21.Bb4 
Bg5 22.f4 Bf6 23.Ne2 Be7 24.Qf3 Nf6 25.Nc3 Rdc8 26.Re2 Ra6 27.Rd3 d5 28.
Bxe7 dxe4 29.Nxe4 Qxe7 30.Nxf6+ Qxf6 31.Qb7 Rca8 32.Rdd2 Qf5 33.Re5 Qb1 
34.Qxb5 Rxa2 35.Ree2 Ra1 36.Rf2 Qe4+ 37.Kh3 R1a5 38.Qe2 Qb4 39.Qf3 Rb8 40.
Rd3 Rab5 41.Re2 Qa3 42.Ree3 Qb2 43.Rc3 g6 44.g4 Qb1 45.Red3 h5 46.g5 Rb4 
47.Kg2 e5 48.fxe5 Rg4+ 49.Kh3 Qe1 50.Qxg4 hxg4+ 51.Kxg4 Rb4+ 52.Rc4 Rxc4+ 
53.bxc4 Qe4+ 0-1

[Event "Teheran zt qual"]
[Site "Teheran"]
[Date "1997.??.??"]
[Round "?"]
[White "Ghane Gardeh, Shojaat"]
[Black "Aryanejad, Hossein"]
[Result "1/2-1/2"]
[WhiteElo "2205"]
[BlackElo "2310"]
[EventDate "1997.??.??"]
[PlyCount "92"]

1.d4 d6 2.c4 Nf6 3.Nc3 g6 4.e4 Bg7 5.Nf3 O-O 6.Be2 e5 7.O-O Nc6 8.d5 Ne7 
9.Ne1 Ne8 10.Be3 f5 11.f3 c5 12.dxc6 bxc6 13.b4 Be6 14.b5 d5 15.bxc6 d4 
16.Bg5 Nf6 17.Nd5 Nxc6 18.Qa4 Rc8 19.Rb1 h6 20.Bxf6 Bxf6 21.Nd3 Bg7 22.Nc5
Qd6 23.Nxe6 Qxe6 24.Qa6 Kh7 25.Rb7 Nd8 26.Qxe6 Nxe6 27.Rxa7 Ra8 28.Rxa8 
Rxa8 29.exf5 gxf5 30.Ne7 Nf4 31.Bd1 Rxa2 32.Rf2 Ra1 33.Rf1 Bf8 34.Nxf5 Bc5
35.Ng3 Ra2 36.Ne4 Rxg2+ 37.Kh1 Be7 38.Nf2 h5 39.Nd3 Rd2 40.Nxe5 Bd6 41.Nf7
Bc7 42.Ng5+ Kh6 43.Ne4 Rb2 44.c5 Nh3 45.Nd6 Nf2+ 46.Kg1 Nh3+ 1/2-1/2

[Event "Teheran zt qual"]
[Site "Teheran"]
[Date "1997.??.??"]
[Round "?"]
[White "Ghorbani, Mohsen"]
[Black "Momeni, Hadi"]
[Result "1-0"]
[WhiteElo "2205"]
[BlackElo "2295"]
[EventDate "1997.??.??"]
[PlyCount "75"]

1.d4 Nf6 2.c4 e6 3.g3 c5 4.d5 exd5 5.cxd5 d6 6.Nc3 g6 7.Bg2 Bg7 8.Nf3 O-O 
9.O-O a6 10.a4 Bg4 11.Nd2 g5 12.Nc4 Ne8 13.Re1 f5 14.Qb3 Rf7 15.e4 Nd7 16.
h3 Bd4 17.hxg4 f4 18.gxf4 gxf4 19.Ne2 Bxf2+ 20.Kxf2 Qh4+ 21.Kf1 f3 22.Bxf3
Qh3+ 23.Kf2 Nef6 24.Nf4 Nxg4+ 25.Bxg4 Qxb3 26.Nxd6 Ne5 27.Be2 Rg7 28.Nf5 
Ng4+ 29.Bxg4 Rxg4 30.Nh6+ Kh8 31.Nxg4 Rf8 32.Be3 Qxb2+ 33.Kf3 h5 34.Rh1 
Kg7 35.Nf2 Qe5 36.Rag1+ Kh7 37.Nd3 Qe8 38.Rg5 1-0